000 00681nam a2200229Ia 4500
003 OSt
005 20230515111157.0
008 210423s2013 xx 000 0 und d
020 _a978-81-4782-215-4
040 _cAL
041 _aeng
082 _a370.02 PRAU
100 _aPRATIYOGITA DARPAN
_9104090
245 _aUpkars UGC NET/JRF/SET: teaching and research aptitude; general paper 1
260 _aAgra
_bUpkar prakashan
_c2013
300 _axiv,361
_bHB
365 _b325
_cINR
650 _aEducation
_9104091
650 _aEducation
_9104091
906 _aaptitude ; general ; NET/JRF/SET: ; paper ; paper-1 ; research ; teaching ; UGC ; Upkars
942 _2ddc
_cBK
999 _c166152
_d166152